[Event "ECCC 2013"]
[Site "Rhodes"]
[Date "2013.10.20"]
[Round "1"]
[White "Andersen, Mads"]
[Black "Swinkels, Robin"]
[Result "1-0"]
[WhiteElo "2476"]
[BlackElo "2536"]
[PlyCount "105"]
[EventDate "2013.10.20"]
[EventType "team"]
[EventRounds "7"]
[EventCountry "GRE"]
[WhiteTeam "Nordea Skanderborg"]
[BlackTeam "SK 47 Eynatten"]

1. d4 Nf6 2. c4 e6 3. Nf3 c5 4. d5 d6 5. Nc3 exd5 6. cxd5 g6 7. Bf4 Bg7 8. Qa4+
Bd7 9. Qb3 Qc7 10. e4 O-O 11. Nd2 Nh5 12. Be3 f5 13. exf5 Bxf5 14. Be2 Nf6 15.
O-O a6 16. a4 Ng4 17. Bf4 Nd7 18. h3 Nge5 19. Bh2 Rae8 20. Nde4 Nf7 21. Ng3 Qb6
22. Qxb6 Nxb6 23. a5 Bxc3 24. bxc3 Nxd5 25. Nxf5 Rxe2 26. Nxd6 Nxd6 27. Bxd6
Rc8 28. c4 Nc3 29. Rfe1 Rc6 30. Be5 Rc2 31. Kf1 Kf7 32. Ra3 Na2 33. Rf3+ Kg8
34. Rd1 Rc1 35. Rxc1 Nxc1 36. Ra3 Re6 37. f4 Re7 38. Bd6 Rd7 39. Bxc5 Rc7 40.
Be3 Rxc4 41. Ke1 Rc2 42. Kd1 Rxg2 43. Bxc1 Rh2 44. Rb3 h5 45. Bd2 Rh1+ 46. Be1
Rf1 47. Rb4 Rf3 48. Rxb7 Rxh3 49. Rb6 Kf7 50. Ke2 h4 51. Rxa6 Rh2+ 52. Bf2 h3
53. Ra7+ 1-0

[Event "ECCC 2013"]
[Site "Rhodes"]
[Date "2013.10.20"]
[Round "1"]
[White "Dambacher, Martijn"]
[Black "Pedersen, Nicolai Vesterbaek"]
[Result "1-0"]
[WhiteElo "2493"]
[BlackElo "2397"]
[PlyCount "66"]
[EventDate "2013.10.20"]
[EventType "team"]
[EventRounds "7"]
[EventCountry "GRE"]
[WhiteTeam "SK 47 Eynatten"]
[BlackTeam "Nordea Skanderborg"]

1. d4 Nf6 2. c4 c5 3. d5 b5 4. cxb5 a6 5. e3 Bb7 6. Nc3 Qa5 7. Bd2 axb5 8. Bxb5
Qb6 9. Nf3 Nxd5 10. Nxd5 Bxd5 11. a4 Qg6 12. O-O e6 13. Bc3 Be7 14. Ne1 O-O 15.
f3 f5 16. Nd3 Bg5 17. e4 fxe4 18. Ne5 Be3+ 19. Kh1 exf3 20. Rxf3 Bxf3 21. Nxg6
Bxd1 22. Nxf8 Kxf8 23. Rxd1 Ke7 24. Rd3 Bh6 25. b4 Nc6 26. bxc5 Rc8 27. g3 g6
28. Kg2 Bg5 29. h4 Bc1 30. a5 Rc7 31. a6 Na7 32. Ba4 Nc6 33. Ba5 Rc8 1-0

[Event "ECCC 2013"]
[Site "Rhodes"]
[Date "2013.10.20"]
[Round "1"]
[White "Pedersen, Jan Rode"]
[Black "Koch, Thomas"]
[Result "0-1"]
[WhiteElo "2219"]
[BlackElo "2437"]
[PlyCount "99"]
[EventDate "2013.10.20"]
[EventType "team"]
[EventRounds "7"]
[EventCountry "GRE"]
[WhiteTeam "Nordea Skanderborg"]
[BlackTeam "SK 47 Eynatten"]

1. e4 c5 2. Nf3 d6 3. d4 cxd4 4. Nxd4 Nf6 5. Nc3 a6 6. a4 Nc6 7. Be2 e6 8. O-O
Be7 9. Be3 O-O 10. Kh1 Qc7 11. f4 Re8 12. Bg1 Bd7 13. Nxc6 Bxc6 14. Bd3 Rac8
15. Qf3 e5 16. fxe5 dxe5 17. Nd5 Bxd5 18. exd5 Bc5 19. Bf5 Rcd8 20. Rad1 Bxg1
21. Rxg1 e4 22. Qb3 Re5 23. d6 Qc6 24. Bh3 Rxd6 25. Rxd6 Qxd6 26. Qe3 Rd5 27.
Re1 Rd2 28. Bf5 Qd5 29. Qc3 g6 30. Bxe4 Nxe4 31. Rxe4 Qxe4 32. Qxd2 Qxa4 33. h3
Qa1+ 34. Kh2 Qxb2 35. Qd8+ Kg7 36. Qc7 h5 37. c3 Qb5 38. Qd6 a5 39. Qd4+ Kh7
40. Qf4 Qd7 41. g4 hxg4 42. hxg4 b5 43. Kg3 Qd5 44. Qc7 a4 45. Qe7 Kg7 46. Qb4
Qc4 47. Qb2 Qb3 48. Qd2 b4 49. Qd4+ Kh7 50. Qd2 0-1

[Event "ECCC 2013"]
[Site "Rhodes"]
[Date "2013.10.20"]
[Round "1"]
[White "Polaczek, Richard"]
[Black "Munk, Kai"]
[Result "0-1"]
[WhiteElo "2427"]
[BlackElo "2033"]
[PlyCount "80"]
[EventDate "2013.10.20"]
[EventType "team"]
[EventRounds "7"]
[EventCountry "GRE"]
[WhiteTeam "SK 47 Eynatten"]
[BlackTeam "Nordea Skanderborg"]

1. d4 g6 2. e4 d6 3. Nc3 a6 4. Be3 Bg7 5. h4 h5 6. Qd2 Nd7 7. Nh3 Ndf6 8. f3
Bxh3 9. Rxh3 e6 10. O-O-O Bh6 11. Bxh6 Nxh6 12. Be2 Qe7 13. Rg1 Nd7 14. g4 hxg4
15. fxg4 O-O-O 16. g5 Ng8 17. Rf1 Kb8 18. Na4 Nb6 19. Nxb6 cxb6 20. Rhf3 Rf8
21. Qe1 f5 22. Bc4 Re8 23. Re3 Qc7 24. Bb3 Re7 25. d5 Reh7 26. dxe6 Ne7 27. Rh3
Qc5 28. Qg3 fxe4 29. Rf7 Nf5 30. Qe1 d5 31. Rxf5 gxf5 32. g6 Rg7 33. h5 f4 34.
Rh4 f3 35. Qg3+ Ka7 36. Rh2 Qe3+ 37. Kd1 Rxh5 38. Rxh5 Qe2+ 39. Kc1 f2 40. Rh1
Rxg6 0-1

[Event "ECCC 2013"]
[Site "Rhodes"]
[Date "2013.10.20"]
[Round "1"]
[White "Sumets, Andrey"]
[Black "Efimov, Igor"]
[Result "1/2-1/2"]
[WhiteElo "2598"]
[BlackElo "2380"]
[PlyCount "83"]
[EventDate "2013.10.20"]
[EventType "team"]
[EventRounds "7"]
[EventCountry "GRE"]
[WhiteTeam "S.F. Wirtzfeld"]
[BlackTeam "Cercle d'Echecs de Monte-Carlo"]

1. d4 Nf6 2. c4 d6 3. Nf3 Nbd7 4. Nc3 e5 5. e4 Be7 6. Be2 O-O 7. O-O c6 8. Be3
a6 9. d5 cxd5 10. cxd5 b5 11. Nd2 Ne8 12. a4 b4 13. Na2 a5 14. Bb5 Bg5 15. Qe2
Bxe3 16. Qxe3 Ba6 17. Bxa6 Rxa6 18. Nc1 Qa8 19. Ncb3 f5 20. f3 Nef6 21. Qe2
fxe4 22. fxe4 Qa7+ 23. Kh1 Nc5 24. Nxc5 dxc5 25. Rac1 Rd6 26. Rf5 Rdd8 27. Rxe5
Qd7 28. Nf3 Qxa4 29. Qc4 Ng4 30. Re7 Nf2+ 31. Kg1 Nh3+ 32. gxh3 Rxf3 33. d6+
Kh8 34. Rf1 Rdf8 35. Rxf3 Rxf3 36. Kg2 Rf8 37. Qe2 Qc6 38. Qg4 Rg8 39. Qe6 Qb5
40. d7 Qe2+ 41. Kg3 Qe3+ 42. Kg2 1/2-1/2

[Event "ECCC 2013"]
[Site "Rhodes"]
[Date "2013.10.20"]
[Round "1"]
[White "Nelis, Jean-Francois"]
[Black "Winants, Luc"]
[Result "0-1"]
[WhiteElo "2234"]
[BlackElo "2534"]
[PlyCount "103"]
[EventDate "2013.10.20"]
[EventType "team"]
[EventRounds "7"]
[EventCountry "GRE"]
[WhiteTeam "Cercle d'Echecs de Monte-Carlo"]
[BlackTeam "S.F. Wirtzfeld"]

1. e4 e5 2. f4 exf4 3. Bc4 d5 4. Bxd5 Nf6 5. Nc3 Bb4 6. Nf3 Bxc3 7. dxc3 c6 8.
Bc4 Qxd1+ 9. Kxd1 Nh5 10. a4 Bg4 11. Ke1 Nd7 12. Kf2 O-O 13. Re1 Rad8 14. b3
Rfe8 15. Ba3 Nhf6 16. Rad1 Be6 17. Bxe6 fxe6 18. Bd6 e5 19. h3 Rc8 20. Ba3 h6
21. Nh4 Kh7 22. Nf5 Re6 23. Be7 Re8 24. Bxf6 Nxf6 25. Kf3 g6 26. Nd6 Rb8 27.
Rd3 Kg7 28. Red1 Kf8 29. Nc4 Ke7 30. a5 Rc8 31. b4 Rb8 32. R3d2 g5 33. Nd6 h5
34. Nf5+ Kf7 35. g4 fxg3 36. Nxg3 g4+ 37. hxg4 hxg4+ 38. Kg2 Kg6 39. Rf2 Rh8
40. Rd3 b6 41. axb6 axb6 42. c4 c5 43. bxc5 bxc5 44. Ra3 Rh3 45. Ra5 Rxg3+ 46.
Kxg3 Nxe4+ 47. Kg2 Nxf2 48. Kxf2 Rc6 49. Ke3 Kf5 50. Ra1 Rg6 51. Rf1+ Ke6 52.
Ra1 0-1

[Event "ECCC 2013"]
[Site "Rhodes"]
[Date "2013.10.20"]
[Round "1"]
[White "Boidman, Yuri"]
[Black "Meylan, Andre"]
[Result "1-0"]
[WhiteElo "2398"]
[BlackElo "2159"]
[PlyCount "74"]
[EventDate "2013.10.20"]
[EventType "team"]
[EventRounds "7"]
[EventCountry "GRE"]
[WhiteTeam "S.F. Wirtzfeld"]
[BlackTeam "Cercle d'Echecs de Monte-Carlo"]

1. d4 e6 2. Nf3 Nf6 3. Bg5 c5 4. c3 b6 5. e4 Be7 6. Nbd2 h6 7. Bxf6 Bxf6 8.
dxc5 bxc5 9. e5 Be7 10. Nc4 O-O 11. Bd3 Ba6 12. Qe2 Bxc4 13. Bxc4 d5 14. exd6
Qxd6 15. Rd1 Qc7 16. O-O Nc6 17. Qe4 Rfd8 18. h4 Bf6 19. Rde1 Rd6 20. g4 Qd8
21. h5 Na5 22. Re3 Rb8 23. b3 Nxc4 24. Qxc4 Qa5 25. Qf4 Rbd8 26. g5 hxg5 27.
Nxg5 Rd5 28. Ne4 Be5 29. Qh4 Qc7 30. h6 g6 31. Nf6+ Kh8 32. Nxd5 Rxd5 33. f4 g5
34. fxg5 Rd2 35. Rf2 Rd1+ 36. Kg2 Qb7+ 37. Qe4 Rd5 1-0

[Event "ECCC 2013"]
[Site "Rhodes"]
[Date "2013.10.20"]
[Round "1"]
[White "Sonntag, Hans-Hubert"]
[Black "Meylan, Pierre"]
[Result "1-0"]
[WhiteElo "2377"]
[BlackElo "2060"]
[PlyCount "67"]
[EventDate "2013.10.20"]
[EventType "team"]
[EventRounds "7"]
[EventCountry "GRE"]
[WhiteTeam "S.F. Wirtzfeld"]
[BlackTeam "Cercle d'Echecs de Monte-Carlo"]

1. d4 Nf6 2. c4 c5 3. d5 e6 4. Nc3 exd5 5. cxd5 d6 6. e4 g6 7. h3 Bg7 8. Nf3
O-O 9. Bd3 Bd7 10. O-O Na6 11. Re1 Re8 12. Bf4 Qe7 13. Bh2 Nc7 14. a4 a6 15.
Bf1 Qf8 16. e5 dxe5 17. Bxe5 Rac8 18. Qb3 b5 19. axb5 axb5 20. d6 c4 21. Qd1
Ne6 22. Ra7 Nc5 23. Qd4 Nb3 24. Qh4 Rxe5 25. Nxe5 Qxd6 26. Nxd7 Nxd7 27. Nxb5
Qc6 28. Qxc4 Qxc4 29. Bxc4 Rxc4 30. Rxd7 Bxb2 31. Nd6 Rf4 32. g3 Rf6 33. Rb1
Ba3 34. Rd8+ 1-0

[Event "ECCC 2013"]
[Site "Rhodes"]
[Date "2013.10.20"]
[Round "1"]
[White "Rapaire, Jean-Michel"]
[Black "Tuncer, Ufuk"]
[Result "0-1"]
[WhiteElo "1865"]
[BlackElo "2317"]
[PlyCount "70"]
[EventDate "2013.10.20"]
[EventType "team"]
[EventRounds "7"]
[EventCountry "GRE"]
[WhiteTeam "Cercle d'Echecs de Monte-Carlo"]
[BlackTeam "S.F. Wirtzfeld"]

1. e4 c5 2. Nf3 d6 3. Bc4 Nf6 4. d3 Nc6 5. c3 g6 6. Nbd2 Bg7 7. Nf1 O-O 8. Ng3
Na5 9. Bb5 a6 10. Ba4 b5 11. Bc2 e5 12. O-O Nc6 13. h3 Nd7 14. Nh2 b4 15. Ng4
Ne7 16. Bh6 f5 17. Bxg7 Kxg7 18. exf5 Nxf5 19. Qd2 bxc3 20. bxc3 Nf6 21. Nxf5+
gxf5 22. Qg5+ Kh8 23. Nxf6 Rxf6 24. Rab1 Qf8 25. f4 Rg6 26. Qh5 Ra7 27. Rb8
Rag7 28. g4 fxg4 29. h4 Rf6 30. d4 cxd4 31. cxd4 exf4 32. Rfb1 f3 33. R1b7 Bxb7
34. Rxf8+ Rxf8 35. Bf5 g3 0-1

[Event "ECCC 2013"]
[Site "Rhodes"]
[Date "2013.10.20"]
[Round "1"]
[White "Nemeth, Miklos"]
[Black "Welz, Thomas"]
[Result "1/2-1/2"]
[WhiteElo "2468"]
[BlackElo "2207"]
[PlyCount "117"]
[EventDate "2013.10.20"]
[EventType "team"]
[EventRounds "7"]
[EventCountry "GRE"]
[WhiteTeam "Haladas VSE, Szombathely"]
[BlackTeam "Chess Club Eppingen"]

1. e4 Nc6 2. d4 d5 3. Nc3 dxe4 4. d5 Ne5 5. Qd4 Ng6 6. Qa4+ Bd7 7. Qb3 Qc8 8.
h4 e5 9. h5 N6e7 10. Nxe4 Nf5 11. Nf3 Bd6 12. c4 b6 13. Qc3 a5 14. c5 bxc5 15.
Nxe5 Nd4 16. Nf3 Nf6 17. Nxf6+ gxf6 18. Nxd4 cxd4 19. Qxd4 Be5 20. Qe4 Kd8 21.
Qc2 Bf5 22. Bd3 Bxd3 23. Qxd3 Qa6 24. Rh3 Qxd3 25. Rxd3 Rg8 26. g3 Rb8 27. Rb1
Rg4 28. f4 Bd6 29. Bd2 Bb4 30. Bxb4 Rxb4 31. a3 Rbxf4 32. d6 Re4+ 33. Kf2 c5
34. Rbd1 Rg5 35. Rb3 Rf5+ 36. Rf3 Rxf3+ 37. Kxf3 Re5 38. g4 Kd7 39. Rd3 h6 40.
Rd2 Rg5 41. Kf4 Re5 42. Rd3 Rg5 43. Rb3 Kxd6 44. Rb6+ Ke7 45. Ra6 c4 46. Rc6
Rb5 47. Rxc4 Rxb2 48. Rc5 Rf2+ 49. Ke3 Rg2 50. Kf3 Rg1 51. Rxa5 Kf8 52. Rd5 Ra1
53. Rd3 Kg7 54. Ke3 Rg1 55. Kf2 Ra1 56. Rf3 Ra2+ 57. Kf1 f5 58. Rxf5 Rxa3 59.
Kg2 1/2-1/2

[Event "ECCC 2013"]
[Site "Rhodes"]
[Date "2013.10.20"]
[Round "1"]
[White "Wenner, Tobias"]
[Black "Petenyi, Tamas"]
[Result "0-1"]
[WhiteElo "2147"]
[BlackElo "2464"]
[PlyCount "92"]
[EventDate "2013.10.20"]
[EventType "team"]
[EventRounds "7"]
[EventCountry "GRE"]
[WhiteTeam "Chess Club Eppingen"]
[BlackTeam "Haladas VSE, Szombathely"]

1. Nf3 g6 2. g3 Bg7 3. d4 d6 4. Bg2 Nf6 5. c4 O-O 6. Nc3 Nc6 7. O-O a6 8. h3
Rb8 9. Re1 b5 10. cxb5 axb5 11. e4 b4 12. Na4 e6 13. Bg5 h6 14. Bd2 Bd7 15. Rc1
Ne7 16. b3 Bxa4 17. bxa4 d5 18. e5 Ne4 19. Bf1 Qd7 20. Bb5 c6 21. Bd3 Nxd2 22.
Qxd2 Qa7 23. Bc2 Rfc8 24. Bb3 Nf5 25. g4 Ne7 26. Rc2 c5 27. Rxc5 Rxc5 28. dxc5
Qxc5 29. Rc1 Qb6 30. Qe3 Nc6 31. Qxb6 Rxb6 32. Rc5 Nxe5 33. Nxe5 Bxe5 34. Rb5
Rxb5 35. axb5 Bd4 36. Kf1 Kg7 37. Ke2 Kf6 38. f4 g5 39. f5 Ke5 40. fxe6 fxe6
41. Bc2 Bb6 42. Bg6 Kd4 43. Bf7 e5 44. Kd2 e4 45. Kc2 Ba5 46. Bg6 Ke3 0-1

[Event "ECCC 2013"]
[Site "Rhodes"]
[Date "2013.10.20"]
[Round "1"]
[White "Nagy, Gabor"]
[Black "Staub, Gerhard"]
[Result "1-0"]
[WhiteElo "2414"]
[BlackElo "2062"]
[PlyCount "43"]
[EventDate "2013.10.20"]
[EventType "team"]
[EventRounds "7"]
[EventCountry "GRE"]
[WhiteTeam "Haladas VSE, Szombathely"]
[BlackTeam "Chess Club Eppingen"]

1. Nf3 Nf6 2. d4 e6 3. c4 b6 4. g3 Bb7 5. Bg2 Bb4+ 6. Nbd2 O-O 7. O-O d5 8. Ne5
c5 9. Ndf3 cxd4 10. Qxd4 dxc4 11. Qxd8 Rxd8 12. Nxf7 Re8 13. N7e5 c3 14. a3
cxb2 15. Bxb2 Bc5 16. Rad1 Bd5 17. Ng5 Na6 18. e4 Bb7 19. Nd7 Be7 20. Bh3 Nxd7
21. Bxe6+ Kf8 22. Nxh7# 1-0

[Event "ECCC 2013"]
[Site "Rhodes"]
[Date "2013.10.20"]
[Round "1"]
[White "Reimold, Jonas"]
[Black "Csonka, Attila Istvan"]
[Result "0-1"]
[WhiteElo "2037"]
[BlackElo "2387"]
[PlyCount "180"]
[EventDate "2013.10.20"]
[EventType "team"]
[EventRounds "7"]
[EventCountry "GRE"]
[WhiteTeam "Chess Club Eppingen"]
[BlackTeam "Haladas VSE, Szombathely"]

1. e4 c6 2. d4 d5 3. exd5 cxd5 4. c4 Nf6 5. Nc3 e6 6. Nf3 Nc6 7. cxd5 Nxd5 8.
Bd3 Be7 9. O-O O-O 10. a3 Qd6 11. Be4 Nf6 12. Bc2 a6 13. Qd3 Rd8 14. Rd1 h6 15.
b4 b5 16. Bb2 Bb7 17. Ne2 Nb8 18. Ng3 Nbd7 19. Nh5 Be4 20. Nxf6+ Nxf6 21. Qe2
Bxc2 22. Qxc2 Rac8 23. Qb3 Nd5 24. Ne5 Rc7 25. Nd3 Rc4 26. Ne5 Rcc8 27. Nd3 Bf6
28. Nc5 Rb8 29. g3 Rb6 30. Rac1 g6 31. Kg2 Bg7 32. Kg1 Ne7 33. Qf3 Qd5 34. Qxd5
Rxd5 35. Nb3 Rbd6 36. Rd2 g5 37. Rc5 Nf5 38. Rxd5 Rxd5 39. Rc2 Bxd4 40. Nxd4
Nxd4 41. Bxd4 Rxd4 42. Rc6 a5 43. bxa5 Ra4 44. Ra6 Rxa3 45. Ra8+ Kg7 46. a6
Ra1+ 47. Kg2 g4 48. Rb8 Rxa6 49. Rxb5 Ra2 50. Re5 Kf6 51. Rh5 Kg6 52. Re5 h5
53. Re4 Rd2 54. Re5 Rd5 55. Re2 e5 56. h3 Kf5 57. hxg4+ hxg4 58. Ra2 Ke4 59.
Re2+ Kd3 60. Ra2 f5 61. Ra3+ Ke4 62. Re3+ Kd4 63. Ra3 Rc5 64. Ra4+ Rc4 65. Ra2
f4 66. gxf4 exf4 67. Rd2+ Ke5 68. Ra2 Rc1 69. Ra5+ Kf6 70. Ra2 Kg5 71. Rb2 Re1
72. f3 g3 73. Rb5+ Kf6 74. Rb6+ Kf5 75. Rb5+ Re5 76. Rb2 Ke6 77. Rd2 Re3 78.
Ra2 Rd3 79. Ra6+ Ke5 80. Ra5+ Rd5 81. Ra2 Rc5 82. Rd2 Rc4 83. Re2+ Kd4 84. Rd2+
Ke3 85. Ra2 Rd4 86. Ra3+ Rd3 87. Ra8 Rd2+ 88. Kh3 Kxf3 89. Ra3+ Kf2 90. Kg4 g2
0-1

[Event "ECCC 2013"]
[Site "Rhodes"]
[Date "2013.10.20"]
[Round "1"]
[White "Heimann, Andreas"]
[Black "Sreeves, Clement"]
[Result "1-0"]
[WhiteElo "2493"]
[BlackElo "2233"]
[PlyCount "65"]
[EventDate "2013.10.20"]
[EventType "team"]
[EventRounds "7"]
[EventCountry "GRE"]
[WhiteTeam "Reichenstein SSB"]
[BlackTeam "Edinburgh Chess Club"]

1. d4 Nf6 2. c4 g6 3. f3 d5 4. cxd5 Nxd5 5. e4 Nb6 6. Nc3 Bg7 7. Be3 O-O 8. Qd2
Nc6 9. O-O-O f5 10. e5 Nb4 11. Nh3 Be6 12. Kb1 Nc4 13. Bxc4 Bxc4 14. a3 Nd5 15.
Nxd5 Qxd5 16. Qb4 a5 17. Qc3 Ra6 18. Nf4 Qb5 19. d5 g5 20. Ne6 Rxe6 21. dxe6
Bxe6 22. Rhe1 f4 23. Bc5 Re8 24. Ka1 b6 25. Bf2 c5 26. h4 gxh4 27. Bxh4 Qa4 28.
Rc1 b5 29. Qc2 Bb3 30. Qxc5 Be6 31. Qc2 Bb3 32. Qc6 Rb8 33. Re4 1-0

[Event "ECCC 2013"]
[Site "Rhodes"]
[Date "2013.10.20"]
[Round "1"]
[White "Macqueen, Calum"]
[Black "Volke, Karsten"]
[Result "1/2-1/2"]
[WhiteElo "2236"]
[BlackElo "2459"]
[PlyCount "87"]
[EventDate "2013.10.20"]
[EventType "team"]
[EventRounds "7"]
[EventCountry "GRE"]
[WhiteTeam "Edinburgh Chess Club"]
[BlackTeam "Reichenstein SSB"]

1. d4 Nf6 2. c4 e6 3. Nf3 d5 4. g3 c6 5. Qc2 dxc4 6. Qxc4 b5 7. Qb3 Bb7 8. Bg2
Nbd7 9. O-O a6 10. a4 c5 11. axb5 Bd5 12. Qd1 axb5 13. Rxa8 Qxa8 14. Bg5 Ne4
15. Bf4 b4 16. Ne5 Nxe5 17. Bxe5 f6 18. f3 Ng5 19. Bf4 Nf7 20. e4 Bc4 21. Re1
cxd4 22. Qxd4 Qc6 23. Be3 e5 24. Qa7 Bd6 25. Rc1 Qa6 26. Qxa6 Bxa6 27. Rc6 Bd3
28. Rc8+ Ke7 29. Rxh8 Nxh8 30. Nd2 Kd7 31. Bf1 Bxf1 32. Kxf1 Kc6 33. Ke2 Nf7
34. Nb3 Kb5 35. Kd3 Nd8 36. Bf2 Ne6 37. Be3 Bc5 38. Bxc5 Nxc5+ 39. Nxc5 Kxc5
40. b3 g6 41. g4 g5 42. h3 Kb5 43. Ke3 Kc5 44. Kd3 1/2-1/2

[Event "ECCC 2013"]
[Site "Rhodes"]
[Date "2013.10.20"]
[Round "1"]
[White "Oswald, David C"]
[Black "Lutz, Bernhard"]
[Result "1-0"]
[WhiteElo "2073"]
[BlackElo "2339"]
[PlyCount "57"]
[EventDate "2013.10.20"]
[EventType "team"]
[EventRounds "7"]
[EventCountry "GRE"]
[WhiteTeam "Edinburgh Chess Club"]
[BlackTeam "Reichenstein SSB"]

1. e4 c5 2. d4 cxd4 3. c3 dxc3 4. Nxc3 Nc6 5. Nf3 d6 6. Bc4 e6 7. O-O Be7 8.
Qe2 Nf6 9. Rd1 e5 10. Be3 O-O 11. Rac1 Bg4 12. h3 Bh5 13. g4 Bg6 14. Nh4 Kh8
15. Nf5 Bxf5 16. exf5 h6 17. Kg2 Rc8 18. h4 Nh7 19. g5 hxg5 20. hxg5 Bxg5 21.
Rh1 Bxe3 22. Qxe3 Nd4 23. Bd3 e4 24. Bxe4 d5 25. Rh5 dxe4 26. Rch1 Kg8 27. Rxh7
f6 28. Rh8+ Kf7 29. Rxf8+ 1-0

[Event "ECCC 2013"]
[Site "Rhodes"]
[Date "2013.10.20"]
[Round "1"]
[White "Drabke, Lorenz Maximilian"]
[Black "White, Alastair F"]
[Result "1-0"]
[WhiteElo "2434"]
[BlackElo "2093"]
[PlyCount "83"]
[EventDate "2013.10.20"]
[EventType "team"]
[EventRounds "7"]
[EventCountry "GRE"]
[WhiteTeam "Reichenstein SSB"]
[BlackTeam "Edinburgh Chess Club"]

1. e4 e5 2. Bc4 Nf6 3. d3 c6 4. Nf3 d5 5. Bb3 Bb4+ 6. c3 Bd6 7. Nbd2 O-O 8. O-O
Bc7 9. Qe2 Re8 10. Rd1 h6 11. Nf1 dxe4 12. dxe4 Qe7 13. Ng3 Kh7 14. h3 a5 15.
a4 Be6 16. Bxe6 fxe6 17. Be3 Nbd7 18. Qc4 Rad8 19. Qb3 b6 20. Qc4 Nb8 21. b4
Rd7 22. bxa5 bxa5 23. Ba7 Red8 24. Rxd7 Nfxd7 25. Rb1 Qd6 26. Nf1 Nf6 27. Ne3
Qd3 28. Qxd3 Rxd3 29. Bxb8 Bxb8 30. Rxb8 Rxc3 31. Ra8 Nxe4 32. Rxa5 Rc1+ 33.
Kh2 c5 34. Nxe5 Nxf2 35. Ra6 Ra1 36. a5 h5 37. Kg3 Ra2 38. Rxe6 Ne4+ 39. Kf4
Ra4 40. Nc6 Nd2+ 41. Ke5 Nb3 42. Kd5 1-0

[Event "ECCC 2013"]
[Site "Rhodes"]
[Date "2013.10.20"]
[Round "1"]
[White "Driessens, Patrick"]
[Black "Raznikov, Danny"]
[Result "1/2-1/2"]
[WhiteElo "2311"]
[BlackElo "2486"]
[PlyCount "107"]
[EventDate "2013.10.20"]
[EventType "team"]
[EventRounds "7"]
[EventCountry "GRE"]
[WhiteTeam "SV Voerendaal / KNSB"]
[BlackTeam "Kfar Saba Chess Club"]

1. d4 Nf6 2. c4 e6 3. Nf3 b6 4. g3 Ba6 5. Qb3 Nc6 6. Nbd2 d5 7. Qa4 Bb7 8. Bg2
Qd7 9. O-O Bd6 10. a3 O-O 11. Qc2 e5 12. dxe5 Nxe5 13. Nxe5 Bxe5 14. Nf3 Bd6
15. Rd1 Rfe8 16. Bg5 Ne4 17. cxd5 Bc5 18. e3 Bxd5 19. Bf4 Nf6 20. b4 Bd6 21.
Bxd6 cxd6 22. Rxd5 Nxd5 23. Ng5 Nf6 24. Bxa8 Rxa8 25. Rc1 a5 26. Qc6 Qxc6 27.
Rxc6 axb4 28. axb4 h6 29. Nh3 Nd5 30. Rxd6 Nxb4 31. Rxb6 Ra1+ 32. Kg2 Nd3 33.
Rb8+ Kh7 34. Rb7 f6 35. Nf4 Nxf4+ 36. gxf4 f5 37. f3 Ra2+ 38. Kg3 Ra3 39. Re7
Kg6 40. h4 Kf6 41. Re8 g6 42. h5 gxh5 43. Re5 Rb3 44. Kh4 Kg6 45. Re6+ Kf7 46.
Rxh6 Rxe3 47. Kg5 Rxf3 48. Kxf5 Ra3 49. Rh7+ Kg8 50. Rxh5 Ra5+ 51. Kg6 Rxh5 52.
Kxh5 Kf7 53. Kg5 Kg7 54. Kf5 1/2-1/2

[Event "ECCC 2013"]
[Site "Rhodes"]
[Date "2013.10.20"]
[Round "1"]
[White "Boruchovsky, Avital"]
[Black "Ciornei, Dragos"]
[Result "1-0"]
[WhiteElo "2453"]
[BlackElo "2167"]
[PlyCount "81"]
[EventDate "2013.10.20"]
[EventType "team"]
[EventRounds "7"]
[EventCountry "GRE"]
[WhiteTeam "Kfar Saba Chess Club"]
[BlackTeam "SV Voerendaal / KNSB"]

1. e4 e5 2. Nf3 Nc6 3. d4 exd4 4. Nxd4 Bc5 5. Nb3 Bb6 6. Nc3 Qf6 7. Qe2 Nge7 8.
h4 h6 9. Be3 d6 10. O-O-O Be6 11. Kb1 O-O-O 12. Nd5 Bxd5 13. exd5 Ne5 14. f4
Nd7 15. Bd2 Nf5 16. Qf3 Nd4 17. Nxd4 Bxd4 18. c3 Bb6 19. Bd3 Rde8 20. Qh3 Qd8
21. h5 Kb8 22. Rhe1 Nc5 23. Bc2 Rxe1 24. Rxe1 Re8 25. Qg3 Rxe1+ 26. Qxe1 a5 27.
a3 a4 28. c4 Qf6 29. Ka2 Qd4 30. Qe2 Ka7 31. g4 f6 32. g5 fxg5 33. fxg5 hxg5
34. Bc3 Qf4 35. Bxg7 g4 36. h6 g3 37. h7 g2 38. Qxg2 Qxc4+ 39. Kb1 Nd3 40. Bxd3
Qxd3+ 41. Qc2 1-0

[Event "ECCC 2013"]
[Site "Rhodes"]
[Date "2013.10.20"]
[Round "1"]
[White "Merx, Bob"]
[Black "Givon, Asaf"]
[Result "0-1"]
[WhiteElo "2129"]
[BlackElo "2445"]
[PlyCount "76"]
[EventDate "2013.10.20"]
[EventType "team"]
[EventRounds "7"]
[EventCountry "GRE"]
[WhiteTeam "SV Voerendaal / KNSB"]
[BlackTeam "Kfar Saba Chess Club"]

1. e4 c5 2. Nc3 d6 3. f4 g6 4. Nf3 Bg7 5. Bb5+ Bd7 6. Bc4 Nc6 7. d3 Na5 8. Bb3
e6 9. O-O Ne7 10. Qe1 O-O 11. f5 Nxb3 12. axb3 exf5 13. Qh4 fxe4 14. dxe4 Nc6
15. Bg5 f6 16. Be3 Be6 17. Rfd1 Qe7 18. Qg3 Rfd8 19. Bf4 Ne5 20. h4 Kh8 21. Nd5
Bxd5 22. Rxd5 Nf7 23. Nd2 b5 24. Qd3 a6 25. Nf3 Qe6 26. Rd1 Bf8 27. h5 Re8 28.
hxg6 hxg6 29. Re1 Kg7 30. Re3 Be7 31. Nh4 Ne5 32. Qd2 Rh8 33. Bxe5 fxe5 34. Nf3
Raf8 35. Qa5 g5 36. Nh2 g4 37. Rg3 Rxh2 38. Kxh2 Qh6+ 0-1

[Event "ECCC 2013"]
[Site "Rhodes"]
[Date "2013.10.20"]
[Round "1"]
[White "Van Der Zwet, Bart"]
[Black "Judkovsky, Yair"]
[Result "0-1"]
[WhiteElo "2091"]
[BlackElo "2348"]
[PlyCount "96"]
[EventDate "2013.10.20"]
[EventType "team"]
[EventRounds "7"]
[EventCountry "GRE"]
[WhiteTeam "SV Voerendaal / KNSB"]
[BlackTeam "Kfar Saba Chess Club"]

1. e4 e5 2. Nc3 Nf6 3. Nf3 Nc6 4. Bb5 Bb4 5. O-O O-O 6. Re1 d6 7. a3 Bxc3 8.
dxc3 Ne7 9. Nd2 Ng6 10. Nf1 c6 11. Bd3 Bg4 12. f3 Be6 13. Kh1 Re8 14. Ng3 Qc7
15. Bg5 Nd7 16. Qd2 f6 17. Be3 Ne7 18. Rad1 d5 19. Qf2 Rad8 20. Nf5 Nxf5 21.
exf5 Bf7 22. Rg1 c5 23. g4 d4 24. Bd2 Bd5 25. c4 e4 26. cxd5 exd3 27. cxd3 Qe5
28. f4 Qxd5+ 29. Qg2 Qxg2+ 30. Rxg2 b5 31. Kg1 Rc8 32. Kf1 Nb6 33. Re2 Rxe2 34.
Kxe2 Kf7 35. Ba5 Re8+ 36. Kd2 Nd7 37. Re1 Rxe1 38. Kxe1 Ke7 39. Bc7 Nb6 40.
Bxb6 axb6 41. Kd2 Kd6 42. b3 Kd5 43. Kc2 c4 44. b4 Kd6 45. Kd2 Ke7 46. Kc2 c3
47. Kd1 Kf7 48. g5 g6 0-1

[Event "ECCC 2013"]
[Site "Rhodes"]
[Date "2013.10.20"]
[Round "1"]
[White "Mindlin, Alon"]
[Black "Winkels, Marcel"]
[Result "1-0"]
[WhiteElo "2286"]
[BlackElo "2002"]
[PlyCount "79"]
[EventDate "2013.10.20"]
[EventType "team"]
[EventRounds "7"]
[EventCountry "GRE"]
[WhiteTeam "Kfar Saba Chess Club"]
[BlackTeam "SV Voerendaal / KNSB"]

1. d4 Nf6 2. c4 c5 3. d5 b5 4. cxb5 a6 5. bxa6 g6 6. Nc3 Bxa6 7. Nf3 Bg7 8. g3
d6 9. e4 Bxf1 10. Kxf1 Nbd7 11. Kg2 O-O 12. h3 Qa5 13. Re1 Rfb8 14. Re2 Ne8 15.
Bg5 Ra7 16. Rc1 h6 17. Be3 Raa8 18. g4 Nc7 19. Bf4 Nb5 20. Nxb5 Rxb5 21. b3 Qa3
22. Rcc2 Rb4 23. Bd2 Rb7 24. Bc3 c4 25. Bxg7 cxb3 26. axb3 Kxg7 27. Nd4 Nc5 28.
Re3 Qa6 29. Qd2 Qa3 30. Rb2 Qb4 31. Qd1 Qa3 32. Rb1 Qa2 33. b4 Na4 34. Nc6 Qc4
35. Rbb3 Qb5 36. Ra3 f6 37. Na5 Nb2 38. Qc2 Qxb4 39. Reb3 Qxb3 40. Rxb3 1-0